[Event "IECC Swiss email"]
[Site "IECC email"]
[Date "2001.04.04"]
[Round "?"]
[White "Tremayne, David L"]
[Black "Jegou, Antoine"]
[Result "1-0"]
[WhiteElo "2041"]
[BlackElo "1661"]
[PlyCount "39"]
[EventDate "2001.??.??"]
[EventType "tourn (corr)"]
[EventRounds "6"]
[SourceTitle "Corr 2008"]
[Source "ChessBase"]
[SourceDate "2008.06.24"]
[SourceVersion "1"]
[SourceVersionDate "2008.06.24"]
[SourceQuality "1"]

1. c4 e5 2. Nc3 Nc6 3. g3 f5 4. Bg2 Nf6 5. e3 Bb4 6. Nge2 e4 7. d3 Ne5 8. dxe4 fxe4 9. 0-0 Nf3+ 10. Bxf3 exf3 11. Nd4 Bxc3 12. bxc3 0-0 13. Qxf3 Re8 14. Ba3 Ne4 15. Qh5 Nxc3 16. Bb2 d5 17. Bxc3 dxc4 18. Nb5 c6 19. Rfd1 Qe7 20. Bb4 1-0